000 00704nam a2200193 i 4500
001 85922
003 ES-MaACL
007 t|
008 041202s1974 sp ||||1| spa d
100 1 _aKeitz, H. A. E.
_967742
245 1 0 _aCálculos y medidas en luminotecnia
_b: introducción al sistema de cantidades y unidades usado en luminotecnia y fotometría /
_cH.A.E. Keitz ; [traducido por Daniel Santano y León].
260 _aMadrid :
_bParaninfo,
_c1974.
300 _a471 p. :
_bil. ;
_c22 cm.
490 1 _aBiblioteca técnica Philips
700 1 _aSantano y León, Daniel.
_9181683
830 0 _aBiblioteca técnica Philips
_9181540
852 _aES-MaACL
_jE-6300
_bR.90741
999 _c85922
_d85922